01706nam a2200253Ia 4500001000900000003000500009005001700014008004100031040000900072082002100081111012500102245025100227260005100478300001600529503000700545504002800552505054600580650007001126650002601196650004201222650002201264700003701286711012901323dia_1821CHAP20251021145933.0220601s9999 xx 000 0 und d cCHAP a631.523 S47 1978 aSesiones de Trabajo Análisis de los Recursos Genéticos Disponibles a México (1978 may. 10-12 : Chapingo, México) aAnálisis de los recursos genéticos disponibles a México / edición Tarcicio Cervantes Santana ; sesiones de trabajo organizados por la Sociedad Mexicana de Fitogenética, A. C. efectuados del 10 al 12 de Mayo de 1978 en Chapingo, México aMéxico : Sociedad Mexicana de Fitogenética axix, 492 p. aD. aIncluye bibliografías aSesión 1. Problemas relacionados con los recursos genéticos \ Sesión 2. Cultivos productores de carbohidratos \ Sesión 3. Cultivos productores de sustancias estimulantes y forrajeros \ Sesión 4. Cultivos productores de grasas y proteínas \ Sesión 5. Cultivos frutícolas: a) de clima tropical y subtropical ; b) de clima templado \ Sesión 6. Cultivos hortícolas \ Sesión 7. Cultivos varios \ Sesión 8. Recursos genéticos varios \ Sesión 9. Utilización de los recursos genéticos \ Sesión 10. Reunión general a1. Genética vegetal - Congresos, conferencias, etc. - México  aRecursos genéticos  aPlant genetics - Congresses - Mexico  aGenetic resources aCervantes Santana, Tarcicio, ed. aSesiones de Trabajo Análisis de los Recursos Genéticos Disponibles a México (1978 may. 10-12 : Chapingo, México) Ì